000 00360nam a2200157Ia 4500
008 230524s9999 xx 000 0 und d
082 _a5
_bHAR
100 _aJames K.Hardy
_924835
245 0 _aInside Networks
250 _a1ST
260 _aNEW DELHI
_bPHI
_c1999
300 _aXVI;355
500 _aQuantity Number: 1
650 _aComp-Sc
942 _cBK
999 _c36753
_d36753